Loading...
| Fine Arts - Other Fine Arts | 0 | 2 | 0 | 1 | 20 | 85 | 117.50 | 1 | 2 |
| Fine Arts - Visual Fine Arts | 0 | 1 | 0 | 0 | 10 | 124 | 124.00 | 0 | 1 |
| Fine Arts - Auditory Fine Arts | 0 | 1 | 0 | 0 | 10 | 114 | 114.00 | 1 | 1 |
| Literature - World Literature | 0 | 1 | 0 | 0 | 10 | 115 | 115.00 | 1 | 1 |
| Philosophy | 0 | 1 | 0 | 0 | 10 | 111 | 111.00 | 0 | 1 |
| Religion | 0 | 1 | 0 | 0 | 10 | 106 | 106.00 | 0 | 1 |
| Religion- Edited | 0 | 1 | 0 | 0 | 10 | 111 | 111.00 | 1 | 1 |
| Social Science | 0 | 1 | 0 | 0 | 10 | 126 | 126.00 | 1 | 1 |
| Popular Culture | 0 | 0 | 0 | 0 | 0 | 0.00 | 0 | 0 | |
| History - American History | 0 | 1 | 2 | 0 | 0 | 80 | 80.00 | 0 | 1 |
| Science - Chemistry | 0 | 0 | 1 | 0 | -5 | 0.00 | 0 | 0 | |
| Literature - British Literature | 0 | 0 | 1 | 0 | -5 | 0.00 | 0 | 0 | |
| Mythology | 0 | 0 | 1 | 0 | -5 | 0.00 | 0 | 0 | |
| History - World History | 0 | 0 | 1 | 0 | -5 | 0.00 | 0 | 0 | |
| Pop Culture | 0 | 0 | 1 | 0 | -5 | 0.00 | 0 | 0 |